Die beliebtesten Urlaubsziele der Deutschen - Statistiken

Allgemein
  • Dieses Quiz wurde 610 mal gespielt
  • Das Durchschnittsergebnis liegt bei 8 aus 9
Antwortstatistiken
# Land % Korrekt
2 Spanien
99%
3 Italien
97%
7 Frankreich
96%
8 Österreich
93%
6 Griechenland
85%
5 Türkei
83%
1 Deutschland
73%
9 Kroatien
72%
4 Skandinavien
59%
Keine übereinstimmenden Quizze gefunden
Verteilung der Resultate
Anzahl Personen mit jedem Resultat
Perzentil nach korrekt beantworteten Fragen
Ihre Resultats-Entwicklung
Sie haben dieses Quiz noch nicht gespielt